Curley cat baby-sits / (Record no. 104923)
[ view plain ]
| 000 -LEADER | |
|---|---|
| fixed length control field | 00692nam a2200205 a 4500 |
| 005 - DATE AND TIME OF LATEST TRANSACTION | |
| control field | 20140412111331.0 |
| 008 - FIXED-LENGTH DATA ELEMENTS--GENERAL INFORMATION | |
| fixed length control field | 030206s19uu xx 00 eng d |
| 020 ## - INTERNATIONAL STANDARD BOOK NUMBER | |
| International Standard Book Number | 0-15-221110-1 |
| 050 ## - LIBRARY OF CONGRESS CALL NUMBER | |
| Classification number | ER |
| Item number | Cu928 |
| 100 ## - MAIN ENTRY--PERSONAL NAME | |
| Personal name | Watson, Pauline |
| 245 ## - TITLE STATEMENT | |
| Title | Curley cat baby-sits / |
| Statement of responsibility, etc | by Pauline Watson ; pictures by Lorinda Bryan Cauley. |
| 260 ## - PUBLICATION, DISTRIBUTION, ETC. (IMPRINT) | |
| Place of publication, distribution, etc | New York : |
| Name of publisher, distributor, etc | Harcourt Brace Jovanovich. |
| 300 ## - PHYSICAL DESCRIPTION | |
| Extent | 1 v. (unp.) ; ill. |
| 440 ## - SERIES STATEMENT/ADDED ENTRY--TITLE | |
| Title | A Let Me Read Book |
| 520 ## - SUMMARY, ETC. | |
| Summary, etc | Curley Cat uses his imagination to entertain his little brother while their parents are away. |
| 650 ## - SUBJECT ADDED ENTRY--TOPICAL TERM | |
| Topical term or geographic name as entry element | Brothers and sisters--Fiction |
| 650 ## - SUBJECT ADDED ENTRY--TOPICAL TERM | |
| Topical term or geographic name as entry element | Baby sitters--Fiction |
| 650 ## - SUBJECT ADDED ENTRY--TOPICAL TERM | |
| Topical term or geographic name as entry element | Cats--Fiction |
| Withdrawn status | Lost status | Damaged status | Use restrictions | Home library | Current library | Shelving location | Date acquired | Source of acquisition | Total Checkouts | Full call number | Barcode | Date last seen | Price effective from | Koha item type |
|---|---|---|---|---|---|---|---|---|---|---|---|---|---|---|
| Elizalde Library | Elizalde Library | Easy Reading Section | 02/06/2003 | ER Cu928 | E9047 | 04/12/2014 | 04/12/2014 | Books |